Statistics for Fifa 2018 World cup

Click here to take the quiz!

General Stats

  • This quiz has been taken 105 times
  • The average score is 28 of 32

Answer Stats

Continent Country % Correct
EuropeSpain
98%
South AmericaArgentina
97%
South AmericaBrazil
97%
EuropeEngland
96%
EuropeGermany
96%
South AmericaUruguay
96%
EuropeSweden
96%
AsiaJapan
95%
EuropeFrance
94%
EuropeBelgium
94%
AfricaEgypt
93%
EuropePortugal
92%
South AmericaPeru
91%
Central AmericaPanama
90%
Central AmericaMexico
90%
AfricaNigeria
90%
AsiaSouth Korea
89%
South AmericaColombia
88%
AsiaIran
88%
AfricaSenegal
88%
EuropeCroatia
87%
EuropeSwitzerland
87%
EuropeDenmark
87%
EuropeRussia
86%
EuropePoland
82%
Asia*Australia
82%
AsiaSaudi Arabia
81%
EuropeIceland
81%
AfricaMorocco
81%
Central AmericaCosta Rica
76%
EuropeSerbia
76%
AfricaTunisia
76%

Score Distribution

Percentile by Number Answered

Percent of People with Each Score

Your Score History

You have not taken this quiz